Aspen/Pitkin County Airport Destinations (Aspen, CO, USA) - Statistics

General Stats
  • This quiz has been taken 91 times
    39 since last reset
  • The average score is 10 of 11
Answer Stats
Airline Destination % Correct
United Express Denver
100%
American Eagle/Delta Connection/United Express Los Angeles
100%
American Eagle/United Express Chicago (O'Hare)
97%
United Express Houston (Intercontinental)
97%
Aero Los Angeles (Van Nuys)
97%
United Express San Francisco
97%
Delta Connection Atlanta
94%
American Eagle Dallas/Fort Worth
91%
American Eagle Charlotte
73%
American Eagle Phoenix (Sky Harbor)
70%
American Eagle Austin
61%
No matching quizzes found
Score Distribution
Percent of People with Each Score
Percentile by Number Answered
Your Score History
You have not taken this quiz since the last reset